[Event "Klokkesimultan, 45 minutter"]
[Site "Ås, Akershus NOR"]
[Date "2016.05.19"]
[Round "?"]
[White "Garmark, Vegard"]
[Black "Hansen, Torbjørn Ringdal"]
[Result "0-1"]
[WhiteElo "1218"]
[BlackElo "2455"]
[PlyCount "63"]
[EventDate "2016.05.19"]

{Rekonstruert av Torbjørn Ringdal Hansen etter at alle partiene var ferdige!} 
1. e4 e5 2. f4 exf4 3. Nf3 Be7 4. d4 Bh4+ 5. g3 fxg3 6. Nxh4 Qxh4 7. Bg2 gxh2+
8. Kf1 Nf6 9. Qf3 Nc6 10. c3 d6 11. Bf4 Ng4 12. Bg3 Qh6 13. Bf4 Qf6 14. Nd2 h5
15. Re1 Bd7 16. b4 O-O-O 17. Nb3 g5 18. Bxh2 Nxh2+ 19. Rxh2 Qxf3+ 20. Bxf3 g4
21. Bh1 f5 22. exf5 Rdf8 23. d5 Rxf5+ 24. Kg1 Ne5 25. Nd4 Rf4 26. Ne6 Bxe6 27.
dxe6 c6 28. Re4 Rxe4 29. Bxe4 Kc7 30. Rf2 d5 31. Bf5 Kd6 32. a4 {og svart vant}
0-1

[Event "Klokkesimultan, 45 minutter"]
[Site "Ås, Akershus NOR"]
[Date "2016.05.19"]
[Round "?"]
[White "Bø, Martin"]
[Black "Hansen, Torbjørn Ringdal"]
[Result "0-1"]
[WhiteElo "1191"]
[BlackElo "2455"]
[PlyCount "50"]
[EventDate "2016.05.19"]

1. d4 Nf6 2. c4 e6 3. Nf3 d5 4. g3 Be7 5. Bg2 O-O 6. O-O dxc4 7. Ne5 Nc6 8.
Nxc6 bxc6 9. Bxc6 Rb8 10. b3 cxb3 11. axb3 Nd5 12. Rxa7 Qd6 13. Qc2 Nb4 14. Qe4
Nxc6 15. Bf4 Qxd4 16. Qxd4 Nxd4 17. Rxc7 Nxe2+ 18. Kh1 Nxf4 19. Rxe7 Rb7 20.
Rxb7 Bxb7+ 21. f3 Ne2 22. Kg2 Rd8 23. Rf2 Nd4 24. b4 Nxf3 25. Rxf3 Rd3 0-1

[Event "Klokkesimultan, 45 minutter"]
[Site "Ås, Akershus NOR"]
[Date "2016.05.19"]
[Round "?"]
[White "Hansen, Torbjørn Ringdal"]
[Black "Lea, Per"]
[Result "1-0"]
[WhiteElo "2455"]
[BlackElo "1533"]
[PlyCount "109"]
[EventDate "2016.05.19"]

1. e4 e5 2. Nf3 Nc6 3. Bb5 a6 4. Ba4 Nf6 5. O-O Be7 6. Re1 b5 7. Bb3 O-O 8. a4
b4 9. d3 d6 10. a5 Na7 11. Nbd2 Bd7 12. Nf1 c5 13. Ng3 Nc6 14. Bg5 Nxa5 15.
Bxf6 Bxf6 16. Bd5 Bc6 17. Ba2 g6 18. Qd2 Nb7 19. h4 Bxh4 20. Qh6 Bf6 21. Nf1
Bg7 22. Qh3 Qd7 23. Qh4 h6 24. Ne3 Nd8 25. Ng4 Ne6 26. Nxh6+ Bxh6 27. Qxh6 Rfe8
28. Re3 Qe7 29. Bxe6 fxe6 30. Qxg6+ Qg7 31. Qxg7+ Kxg7 32. Nd2 d5 33. Rg3+ Kf6
34. f3 Bb5 35. Kf2 Rg8 36. Rxg8 Rxg8 37. Rh1 c4 38. dxc4 dxc4 39. Rh6+ Rg6 40.
Rxg6+ Kxg6 41. c3 a5 42. g3 b3 43. Ke3 Kf6 44. f4 a4 45. Nb1 exf4+ 46. gxf4 e5
47. Nd2 a3 48. bxa3 b2 49. fxe5+ Kxe5 $2 (49... Ke6 50. Kd4 Bc6 51. Kxc4 Bxe4
52. Kd4 b1=Q 53. Nxb1 Bxb1 54. a4 Bc2 55. a5 Ba4 56. Kc5 Kxe5 57. c4 Bc2 58.
Kb6 Be4 59. c5 Ke6 60. Ka7 Bf3 61. Kb8 Kd5 62. c6 Kxc6 63. a6 Kb6 64. a7 Bb7
65. a8=Q Bxa8) 50. a4 b1=Q $4 (50... Ba6 51. Kf3 Ke6 52. Kf4 Kd7 {og svart
holder muligens remis}) 51. Nxb1 Bxa4 52. Nd2 Bb3 53. Nf3+ Ke6 54. Kd4 Kd6 55.
Nd2 1-0

[Event "Klokkesimultan, 45 minutter"]
[Site "Ås, Akershus NOR"]
[Date "2016.05.19"]
[Round "?"]
[White "Hansen, Torbjørn Ringdal"]
[Black "Midtgard, Anders"]
[Result "1-0"]
[WhiteElo "2455"]
[BlackElo "1105"]
[PlyCount "32"]
[EventDate "2016.05.19"]

1. c4 c5 2. g3 g6 3. Bg2 Bg7 4. Nc3 Nc6 5. Nf3 Nf6 6. d4 cxd4 7. Nxd4 Qb6 8.
Nc2 a5 9. O-O O-O 10. Ne3 Qc7 11. Ned5 Qb8 12. Bf4 d6 13. Rc1 Bf5 14. Qd2 Rc8
15. Rfd1 Rd8 16. h3 Bd7 1-0

[Event "Klokkesimultan, 45 minutter"]
[Site "Ås, Akershus NOR"]
[Date "2016.05.19"]
[Round "?"]
[White "Hansen, Torbjørn Ringdal"]
[Black "Samset, Jon"]
[Result "1-0"]
[WhiteElo "2455"]
[BlackElo "1077"]
[PlyCount "63"]
[EventDate "2016.05.19"]

1. e4 g6 2. d4 d6 3. Nc3 Bg7 4. Be3 Nc6 5. Qd2 Nf6 6. f3 O-O 7. O-O-O a5 8. g4
a4 9. h4 a3 10. b3 h5 11. Bh6 Nb4 12. Bxg7 Kxg7 13. g5 Ne8 14. f4 e6 15. Nf3 c6
16. Bd3 Qa5 17. Kb1 Nc7 18. Rhf1 b6 19. Ne2 c5 20. f5 Nxd3 21. f6+ Kg8 22. cxd3
Qb5 23. Nf4 Ra4 24. Nxh5 c4 (24... gxh5 25. g6 fxg6 26. Qh6 Rf7 27. Qxg6+ Kf8
28. Rg1) 25. dxc4 Rxc4 26. Nf4 Bb7 27. Qd3 e5 28. Qxc4 Bxe4+ 29. Ka1 Qa5 30.
Qxc7 exf4 31. Rc1 Re8 32. Rfe1 {Uklar notasjon herfra og ut. Hvit vant på tid.}
1-0

[Event "Simultan Bergen Spillfestival 2015"]
[Site "Bergen, Hordaland NOR"]
[Date "2015.07.29"]
[Round "?"]
[White "Turov, Maxim"]
[Black "Rønbeck, Bjørn"]
[Result "1-0"]
[WhiteElo "2592"]
[BlackElo "1148"]
[PlyCount "57"]
[EventDate "2015.07.29"]

1. e4 e5 2. Nf3 d6 3. Bc4 Bg4 4. h3 Bxf3 5. Qxf3 Qe7 6. O-O Nd7 7. Nc3 Ngf6 8.
Rd1 a6 9. d4 c6 10. dxe5 Nxe5 11. Qe2 b5 12. Bb3 Qc7 13. Bg5 Be7 14. f4 Ned7
15. Qf3 h6 16. Bh4 O-O 17. Bg3 Nc5 18. e5 dxe5 19. fxe5 Nh7 20. e6 Qa7 21.
exf7+ Kh8 22. Kh1 Nxb3 23. axb3 Rac8 24. Ne4 Nf6 25. Nd6 Bxd6 26. Rxd6 Qb7 27.
Rxf6 gxf6 28. Qxf6+ Kh7 29. Qf5+ 1-0

[Event "Klokkesimultan (15 min vs 60 min)"]
[Site "Ås, Akershus NOR"]
[Date "1999.10.14"]
[Round "?"]
[White "Lea, Per"]
[Black "Øgaard, Leif"]
[Result "1/2-1/2"]
[WhiteElo "1697"]
[BlackElo "2321"]
[PlyCount "61"]
[EventDate "1999.10.14"]

1. e4 c5 2. Nf3 e6 3. d4 cxd4 4. Nxd4 Nc6 5. c4 Nf6 6. Nc3 Bb4 7. Nxc6 dxc6 8.
Qxd8+ Kxd8 9. Bd2 Bxc3 10. Bxc3 Nxe4 11. Bxg7 Rg8 12. O-O-O+ Ke7 13. Bd4 c5 14.
Be3 b6 15. g3 Bb7 16. Bg2 f5 17. h4 e5 18. Bg5+ Ke6 19. Bxe4 Bxe4 20. Rhe1 Rg6
21. g4 h6 22. gxf5+ Kxf5 23. Be3 Bf3 24. Rd7 Ke6 25. Rh7 h5 26. Bf4 e4 27. Rh6
Rxh6 28. Bxh6 Rd8 29. Bg5 Rd4 30. b3 Kf5 31. Be3 1/2-1/2

[Event "Simultan Vinterbrosenteret"]
[Site "Ås (Vinterbro-senteret), Akershus NOR"]
[Date "1996.09.06"]
[Round "?"]
[White "Nikolic, Predrag"]
[Black "Lea, Per"]
[Result "1-0"]
[WhiteElo "2670"]
[BlackElo "1706"]
[PlyCount "85"]
[EventDate "1996.09.06"]

1. e4 e5 2. Nf3 Nc6 3. Bc4 Nf6 4. Ng5 d5 5. exd5 Na5 6. Bb5+ c6 7. dxc6 bxc6 8.
Be2 h6 9. Nf3 e4 10. Ne5 Bd6 11. d4 Qc7 12. O-O O-O 13. Bd2 c5 14. Bxa5 Qxa5
15. Nc4 Qc7 16. Nxd6 Qxd6 17. dxc5 Qxc5 18. c4 Bb7 19. Qc1 Nd7 20. Nc3 Nb6 21.
Qe3 Qxe3 22. fxe3 Rac8 23. b3 Rfd8 24. Rad1 Rd7 25. Bg4 Rxd1 26. Rxd1 Rc5 27.
Rd8+ Kh7 28. Nb5 f5 29. Bh5 f4 30. Bf7 fxe3 31. Bg8+ Kg6 32. Rd6+ Kg5 33. Nd4
Bc8 34. Be6 Bb7 35. b4 Re5 36. c5 Nc8 37. Rd7 e2 38. Kf2 Ba6 39. Rxg7+ Kf6 40.
Rf7+ Kg6 41. Rc7 e3+ 42. Ke1 Re4 43. Bf5+ 1-0

[Event "Simultan Vinterbrosenteret"]
[Site "Ås (Vinterbro-senteret), Akers"]
[Date "1996.09.06"]
[Round "?"]
[White "Nikolic, Predrag"]
[Black "Furnes, Torstein"]
[Result "1-0"]
[WhiteElo "2670"]
[BlackElo "1468"]
[PlyCount "51"]
[EventDate "1996.09.06"]

1. e4 c5 2. Nf3 Nc6 3. d4 cxd4 4. Nxd4 d6 5. c4 Nf6 6. Nc3 g6 7. Be3 Bg7 8. Be2
O-O 9. O-O a6 10. f3 Qc7 11. Rc1 e6 12. Qd2 Rd8 13. Nd5 exd5 14. cxd5 Qd7 15.
dxc6 bxc6 16. Nxc6 Re8 17. Rfd1 Bf8 18. Na5 Qa4 19. b3 Nxe4 20. fxe4 Qxe4 21.
Bf3 Qxe3+ 22. Qxe3 Rxe3 23. Bxa8 Bg4 24. Re1 Rd3 25. Be4 Rd2 26. Rc2 1-0

[Event "Follosjakken Grand Prix Hurtig #1"]
[Site "Ski, Akershus NOR"]
[Date "2018.03.24"]
[Round "1"]
[White "Kvisla, Johannes Luangtep"]
[Black "Onstad, Lars"]
[Result "1-0"]
[WhiteElo "2230"]
[BlackElo "1792"]
[PlyCount "49"]
[EventDate "2018.03.24"]

1. d4 d5 2. c4 c6 3. cxd5 cxd5 4. Nc3 Nf6 5. Bf4 e6 6. e3 Be7 7. Bd3 O-O 8. Nf3
h6 9. Ne5 Nc6 10. g4 Nxe5 11. dxe5 Nh7 12. Bc2 Bb4 13. Qd3 f5 14. exf6 Nxf6 15.
O-O-O Bxc3 16. Qxc3 Bd7 17. Kb1 Qe8 18. Bd6 Rc8 19. Qd2 Rxc2 20. Qxc2 Nxg4 21.
Bxf8 Qxf8 22. h3 Ne5 23. Rhg1 Be8 24. f4 Nc4 25. Rg3 1-0

[Event "Follosjakken Grand Prix Hurtig #1"]
[Site "Ski, Akershus NOR"]
[Date "2018.03.24"]
[Round "1"]
[White "Andersen, Odd"]
[Black "Elseth, Roar"]
[Result "0-1"]
[WhiteElo "1772"]
[BlackElo "2213"]
[PlyCount "44"]
[EventDate "2018.03.24"]

1. d4 Nf6 2. Bf4 g6 3. e3 Bg7 4. c3 d6 5. h3 Nbd7 6. Bh2 O-O 7. Nd2 c5 8. Ngf3
b6 9. Bd3 Bb7 10. O-O a6 11. Qe2 b5 12. a3 Re8 13. e4 e5 14. d5 c4 15. Bc2 Nc5
16. Rfe1 Rb8 17. Nf1 Nh5 18. Rad1 Bh6 19. Ne3 Nf4 20. Bxf4 Bxf4 21. g3 Bh6 22.
Kg2 Bc8 0-1

[Event "Follosjakken Grand Prix Hurtig #1"]
[Site "Ski, Akershus NOR"]
[Date "2018.03.24"]
[Round "1"]
[White "Tryggestad, Andreas G"]
[Black "Digernes, Magnus"]
[Result "1-0"]
[WhiteElo "2168"]
[BlackElo "1766"]
[PlyCount "68"]
[EventDate "2018.03.24"]

1. d4 Nf6 2. Nc3 g6 3. e4 d6 4. Nf3 Bg7 5. Be2 O-O 6. O-O c6 7. Bf4 Nbd7 8. Qd2
Re8 9. Rad1 b5 10. e5 Nh5 11. exd6 Nxf4 12. Qxf4 exd6 13. Qxd6 Qb6 14. Rfe1 Nf6
15. d5 Bb7 16. dxc6 Bxc6 17. Nd4 b4 18. Qxc6 bxc3 19. bxc3 Qa5 20. Bc4 Rec8 21.
Qb7 Qc7 22. Qxc7 Rxc7 23. Bb3 Rxc3 24. Nb5 Rc5 25. Nd6 Rc7 26. Nxf7 Rxf7 27.
Re7 Raf8 28. Rxa7 Bh6 29. a4 Kg7 30. Bxf7 Rxf7 31. Rxf7+ Kxf7 32. a5 Bf8 33. a6
Bc5 34. Rb1 Ke8 1-0

[Event "Follosjakken Grand Prix Hurtig #1"]
[Site "Ski, Akershus NOR"]
[Date "2018.03.24"]
[Round "1"]
[White "Brobakken, Geir"]
[Black "Risting, Eivind Olav"]
[Result "0-1"]
[WhiteElo "1750"]
[BlackElo "2045"]
[PlyCount "102"]
[EventDate "2018.03.24"]

1. e4 c6 2. d4 d5 3. Nc3 dxe4 4. Nxe4 Nf6 5. Nxf6+ exf6 6. Nf3 Bd6 7. Bd3 O-O
8. O-O Re8 9. c3 Nd7 10. Re1 Rxe1+ 11. Qxe1 Nf8 12. h3 Be6 13. Bd2 Qd7 14. Qe3
Ng6 15. c4 Bc7 16. Bxg6 hxg6 17. b3 g5 18. Bc3 g4 19. hxg4 Bxg4 20. Re1 Qf5 21.
Nd2 Qh5 22. Nf1 Bd6 23. Qd3 Rd8 24. Ng3 Qh4 25. Nf1 Qg5 26. Qe3 Qg6 27. Qe4 Bf5
28. Qe3 Bd7 29. Nd2 Re8 30. Qxe8+ Bxe8 31. Rxe8+ Kh7 32. Re3 Bf4 33. Rh3+ Kg8
34. Nf3 Qc2 35. Be1 Qxa2 36. Nh4 Qb1 37. Kf1 Bd2 38. Nf3 Bb4 39. d5 cxd5 40.
cxd5 Qd3+ 41. Kg1 Bxe1 42. Nxe1 Qxd5 43. Re3 g6 44. Nf3 b5 45. Kf1 Qd1+ 46. Ne1
a5 47. Rd3 Qb1 48. Ke2 a4 49. bxa4 bxa4 50. Rd2 a3 51. Rd1 a2 0-1

[Event "Follosjakken Grand Prix Hurtig #1"]
[Site "Ski, Akershus NOR"]
[Date "2018.03.24"]
[Round "2"]
[White "Nilsen, Tobias Lang"]
[Black "Kvisla, Johannes Luangtep"]
[Result "1-0"]
[WhiteElo "1987"]
[BlackElo "2230"]
[PlyCount "119"]
[EventDate "2018.03.24"]

1. e4 e5 2. Nf3 Nc6 3. Bb5 a6 4. Ba4 Nf6 5. O-O Be7 6. Re1 b5 7. Bb3 O-O 8. a4
b4 9. c3 Bb7 10. d3 d5 11. exd5 Nxd5 12. d4 exd4 13. cxd4 Bf6 14. Be3 Nxe3 15.
fxe3 Na5 16. Bc2 Re8 17. Nbd2 Qd5 18. Nb3 Nxb3 19. Bxb3 Qh5 20. Rc1 Re7 21. Ne5
Qxd1 22. Rexd1 Bxe5 23. dxe5 Kf8 24. Rc4 a5 25. Rf4 Ke8 26. Rdf1 Rd8 27. Bxf7+
Kd7 28. Rd4+ Kc8 29. Rxd8+ Kxd8 30. e6 c6 31. Rf5 Bc8 32. Rxa5 Bxe6 33. Bxe6
Rxe6 34. Kf2 Rd6 35. Ke2 Rg6 36. g3 Rh6 37. h4 Rg6 38. Rg5 Rd6 39. Rxg7 c5 40.
Rxh7 c4 41. Rb7 c3 42. bxc3 bxc3 43. Rb3 Rd2+ 44. Kf3 Rc2 45. a5 Rc1 46. Ke2 c2
47. Kd2 Rg1 48. Kxc2 Rxg3 49. a6 Rg2+ 50. Kd3 Ra2 51. Rb6 Kc7 52. Rf6 Kb8 53.
h5 Ka7 54. h6 Rh2 55. Ke4 Rh5 56. Kf4 Rh1 57. Rg6 Ka8 58. Kf5 Ka7 59. Kf6 Kxa6
60. Kg7+ 1-0

[Event "Follosjakken Grand Prix Hurtig #1"]
[Site "Ski, Akershus NOR"]
[Date "2018.03.24"]
[Round "3"]
[White "Nilsen, Tobias Lang"]
[Black "Elseth, Roar"]
[Result "0-1"]
[WhiteElo "1987"]
[BlackElo "2213"]
[PlyCount "58"]
[EventDate "2018.03.24"]

1. e4 e5 2. Nf3 Nc6 3. Bb5 a6 4. Ba4 Nf6 5. O-O Be7 6. Re1 b5 7. Bb3 d6 8. c3
O-O 9. d3 Bb7 10. Nbd2 Na5 11. Bc2 c5 12. Nf1 Re8 13. Ng3 g6 14. d4 exd4 15.
cxd4 Bf8 16. dxc5 dxc5 17. Qxd8 Raxd8 18. Bg5 Be7 19. Rad1 Nc4 20. b3 Na3 21.
Bd3 c4 22. bxc4 bxc4 23. Bf1 Rxd1 24. Rxd1 Nxe4 25. Nxe4 Bxe4 26. Bxe7 Rxe7 27.
Re1 Kf8 28. Re3 Bd3 29. Ne5 Nc2 0-1

[Event "Follosjakken Grand Prix Hurtig #1"]
[Site "Ski, Akershus NOR"]
[Date "2018.03.24"]
[Round "3"]
[White "Kristiansen, Rune Harald"]
[Black "Risting, Eivind Olav"]
[Result "0-1"]
[WhiteElo "1814"]
[BlackElo "2045"]
[PlyCount "62"]
[EventDate "2018.03.24"]

1. d4 Nf6 2. c4 c5 3. d5 b5 4. cxb5 a6 5. Nc3 axb5 6. e4 b4 7. Nb5 d6 8. Bc4
Nbd7 9. Bf4 Nb6 10. b3 Ba6 11. e5 Nxc4 12. bxc4 Bxb5 13. exf6 Bxc4 14. Ne2 exf6
15. O-O Be7 16. Re1 O-O 17. Ng3 Qd7 18. Rxe7 Qxe7 19. Nf5 Qe4 20. Qg4 g5 21. g3
Bxd5 22. f3 Qxf3 23. Qxf3 Bxf3 24. Bxd6 Rfe8 25. Bxc5 b3 26. Bd4 Rxa2 27. Rxa2
bxa2 28. Bxf6 Rb8 29. Kf2 g4 30. Ne7+ Kf8 31. Nf5 Rb1 0-1

[Event "Follosjakken Grand Prix Hurtig #1"]
[Site "Ski, Akershus NOR"]
[Date "2018.03.24"]
[Round "3"]
[White "Abdrlauf, Elham"]
[Black "Mirza, Raad"]
[Result "1-0"]
[WhiteElo "2024"]
[BlackElo "1907"]
[PlyCount "97"]
[EventDate "2018.03.24"]

1. d4 Nf6 2. c4 e5 3. dxe5 Ng4 4. Nf3 Nc6 5. Nc3 Ngxe5 6. Nxe5 Nxe5 7. e4 Bc5
8. Be2 d6 9. O-O Be6 10. a3 O-O 11. b4 Bb6 12. Nd5 Qh4 13. Nxb6 axb6 14. f4 Ng4
15. h3 Nf6 16. f5 Bd7 17. Rf4 Qg3 18. Rb1 Rxa3 19. Qd2 Rfa8 20. Bxa3 Rxa3 21.
Rf3 Rxf3 22. Bxf3 Bc6 23. b5 Bxe4 24. Bxe4 Nxe4 25. Re1 Nf6 26. Qe3 Qxe3+ 27.
Rxe3 Kf8 28. Ra3 Ne4 29. g4 h6 30. Ra8+ Ke7 31. Rc8 Kd7 32. Rg8 Nd2 33. Rxg7
Ke7 34. h4 Nxc4 35. g5 hxg5 36. h5 Kf6 37. h6 Ne3 38. Rg8 d5 39. h7 Kxf5 40.
h8=Q f6 41. Qh7+ Kf4 42. Qxc7+ Kf3 43. Qxb6 g4 44. Qxf6+ Ke4 45. Re8+ Kd3 46.
Qb2 d4 47. Rd8 Nc2 48. b6 g3 49. Rd7 1-0

[Event "Follosjakken Grand Prix Hurtig #1"]
[Site "Ski, Akershus NOR"]
[Date "2018.03.24"]
[Round "3"]
[White "Kvisla, Johannes Luangtep"]
[Black "Brobakken, Geir"]
[Result "1-0"]
[WhiteElo "2230"]
[BlackElo "1750"]
[PlyCount "45"]
[EventDate "2018.03.24"]

1. d4 Nf6 2. c4 d6 3. Nf3 g6 4. Nc3 Bg7 5. e4 c6 6. Be2 O-O 7. O-O Nbd7 8. e5
dxe5 9. dxe5 Ne8 10. e6 fxe6 11. Ng5 Qb6 12. Nxe6 Rf7 13. Nxg7 Nxg7 14. Be3 Qc7
15. Ne4 Nf6 16. Ng5 Rf8 17. c5 Nd5 18. Bc4 e6 19. Ne4 Qe5 20. Qd4 Qh5 21. Ng3
e5 22. Bxd5+ Kh8 23. Qa4 1-0

[Event "Follosjakken Grand Prix Hurtig #1"]
[Site "Ski, Akershus NOR"]
[Date "2018.03.24"]
[Round "4"]
[White "Elseth, Roar"]
[Black "Abdrlauf, Elham"]
[Result "1/2-1/2"]
[WhiteElo "2213"]
[BlackElo "2024"]
[PlyCount "59"]
[EventDate "2018.03.24"]

1. Nf3 Nf6 2. c4 e6 3. b3 d5 4. Bb2 Be7 5. g3 O-O 6. Bg2 c5 7. cxd5 exd5 8. O-O
d4 9. d3 Nc6 10. Na3 Nd5 11. Rc1 b6 12. Qd2 Bf6 13. Rfe1 Bb7 14. h4 h6 15. Nc2
Re8 16. Rcd1 Qc7 17. Kh2 Nc3 18. Ra1 Ne5 19. Nxe5 Bxe5 20. Bxb7 Qxb7 21. e3 Nb5
22. exd4 Bxd4 23. Bxd4 cxd4 24. a4 Nc7 25. Nxd4 Qd5 26. Qf4 Na6 27. Re3 Rxe3
28. fxe3 Nc5 29. Rf1 Nxd3 30. Qf5 1/2-1/2

[Event "Follosjakken Grand Prix Hurtig #1"]
[Site "Ski, Akershus NOR"]
[Date "2018.03.24"]
[Round "4"]
[White "Risting, Eivind Olav"]
[Black "Kvisla, Johannes Luangtep"]
[Result "0-1"]
[WhiteElo "2045"]
[BlackElo "2230"]
[PlyCount "56"]
[EventDate "2018.03.24"]

1. d4 d5 2. c4 e6 3. Nc3 a6 4. cxd5 exd5 5. Qb3 c6 6. e4 dxe4 7. Bc4 Qe7 8. a4
Nf6 9. Nge2 Bf5 10. Ng3 Bg6 11. Bg5 Qb4 12. Qa2 Nbd7 13. O-O Be7 14. Rfe1 O-O
15. Rad1 Rad8 16. a5 c5 17. Bd2 b5 18. Bf1 Qxd4 19. Bf4 Qb4 20. Bd2 c4 21. Nd5
Qd6 22. Bb4 Nc5 23. Nxe7+ Qxe7 24. Qa3 Rc8 25. f3 Qa7 26. Kh1 Rfe8 27. fxe4
Ncxe4 28. Nxe4 Nxe4 0-1

[Event "Follosjakken Grand Prix Hurtig #1"]
[Site "Ski, Akershus NOR"]
[Date "2018.03.24"]
[Round "4"]
[White "Kristiansen, Rune Harald"]
[Black "Nilsen, Tobias Lang"]
[Result "0-1"]
[WhiteElo "1814"]
[BlackElo "1987"]
[PlyCount "118"]
[EventDate "2018.03.24"]

1. d4 Nf6 2. Nf3 e6 3. Bf4 c5 4. c3 Nc6 5. e3 d5 6. Bd3 Bd6 7. Bg3 O-O 8. Nbd2
b6 9. Ne5 Bb7 10. f4 Ne7 11. Qf3 Nf5 12. Bf2 Be7 13. g4 Nd6 14. Qh3 cxd4 15.
exd4 Nfe4 16. g5 Qc8 17. Rg1 Ba6 18. Bxa6 Qxa6 19. Qe3 Qb5 20. Rb1 Qa4 21. Qd3
Qxa2 22. Be3 Nxd2 23. Bxd2 Ne4 24. Nd7 Rfd8 25. Nf6+ Kh8 26. Nxe4 dxe4 27. Qxe4
Qd5 28. Qxd5 Rxd5 29. Ra1 a5 30. Ke2 Bd6 31. Be3 Rb5 32. b4 a4 33. Ra3 Rf5 34.
Kf3 b5 35. h4 f6 36. Kg4 fxg5 37. hxg5 Raf8 38. Rf1 h6 39. gxh6 gxh6 40. Ra2
Kh7 41. Rh2 Rg8+ 42. Kf3 Rc8 43. Bd2 Rcf8 44. Ke4 h5 45. Rh4 Rg8 46. Rc1 Rg2
47. Kd3 Be7 48. Rh3 h4 49. c4 bxc4+ 50. Rxc4 Kh6 51. Rc6 Kh5 52. Rxe6 Bf6 53.
Ra6 Kg4 54. Rh1 Rg3+ 55. Kc2 a3 56. Ra8 Bxd4 57. Rg8+ Kf3 58. Rxh4 Rxg8 59.
Rh3+ Kg2 0-1

[Event "Follosjakken Grand Prix Hurtig #1"]
[Site "Ski, Akershus NOR"]
[Date "2018.03.24"]
[Round "5"]
[White "Tryggestad, Andreas G"]
[Black "Elseth, Roar"]
[Result "0-1"]
[WhiteElo "2168"]
[BlackElo "2213"]
[PlyCount "76"]
[EventDate "2018.03.24"]

1. b3 d5 2. Bb2 Bf5 3. Nf3 c6 4. g3 h6 5. Bg2 Nd7 6. c4 e6 7. d3 Ngf6 8. O-O
Be7 9. Nc3 Bh7 10. Rc1 O-O 11. Re1 a5 12. e4 dxe4 13. dxe4 Nc5 14. Qc2 Qd3 15.
Ne5 Qxc2 16. Rxc2 Bd6 17. f4 Bxe5 18. fxe5 Nd3 19. exf6 Nxe1 20. Re2 Nd3 21.
fxg7 Rfd8 22. Ba3 Kxg7 23. Na4 Nb4 24. Bb2+ f6 25. Nc5 Rd1+ 26. Bf1 e5 27. Nxb7
Ra7 28. Nc5 Nd3 29. Ne6+ Kf7 30. Nd8+ Ke8 31. Nxc6 Ra6 32. Nxa5 Rxa5 33. Bc3
Ra7 34. a4 Nc1 35. Rf2 Bxe4 36. Rxf6 Ne2+ 37. Kf2 Nxc3 38. Be2 Rd2 0-1

[Event "Follosjakken Grand Prix Hurtig #1"]
[Site "Ski, Akershus NOR"]
[Date "2018.03.24"]
[Round "5"]
[White "Abdrlauf, Elham"]
[Black "Risting, Eivind Olav"]
[Result "1-0"]
[WhiteElo "2024"]
[BlackElo "2045"]
[PlyCount "101"]
[EventDate "2018.03.24"]

1. d4 Nf6 2. Nc3 d5 3. Bf4 a6 4. e3 e6 5. a3 c5 6. h3 Nc6 7. Nf3 Bd6 8. dxc5
Bxc5 9. Bd3 O-O 10. O-O b5 11. e4 d4 12. Ne2 Re8 13. e5 Nd5 14. Bh2 Bb7 15. Be4
Qb6 16. Bxd5 exd5 17. b4 Bf8 18. Nexd4 Rac8 19. Nf5 Rcd8 20. Nd6 Re7 21. Bf4 h6
22. Re1 Ba8 23. Nf5 Ree8 24. N3d4 Nxd4 25. Nxd4 Rc8 26. Re3 Rc4 27. Rd3 Bb7 28.
Bg3 Bc8 29. Qd2 Bd7 30. Rd1 Rec8 31. Qe3 Be6 32. f4 g6 33. Bf2 Kh7 34. g4 Kg8
35. f5 Bd7 36. fxg6 fxg6 37. e6 Be8 38. Qf3 Qb7 39. c3 Bg7 40. Ne2 Bc6 41. Bd4
Rf8 42. Qe3 Qc7 43. Bxg7 Kxg7 44. Nd4 Be8 45. e7 Rf6 46. Ne6+ Rxe6 47. Qxe6 Qf4
48. Rf1 Qg5 49. Rdf3 h5 50. Rf8 hxg4 51. Qg8+ 1-0

[Event "Follosjakken Grand Prix Hurtig #1"]
[Site "Ski, Akershus NOR"]
[Date "2018.03.24"]
[Round "6"]
[White "Elseth, Roar"]
[Black "Kvisla, Johannes Luangtep"]
[Result "1/2-1/2"]
[WhiteElo "2213"]
[BlackElo "2230"]
[PlyCount "61"]
[EventDate "2018.03.24"]

1. Nf3 f5 2. e4 fxe4 3. Ng5 Nf6 4. d3 e5 5. Nc3 Bb4 6. Ngxe4 d5 7. Nxf6+ Qxf6
8. Qh5+ g6 9. Qe2 O-O 10. Bd2 Bxc3 11. bxc3 Nc6 12. h4 h5 13. Bg5 Qf5 14. g3
Qf7 15. Bg2 Bg4 16. Qd2 Bf3 17. Bxf3 Qxf3 18. O-O e4 19. Rae1 Qf5 20. Bf4 Rf7
21. dxe4 dxe4 22. Rb1 b6 23. Qe2 Re8 24. Rb5 Qe6 25. Rg5 Kh7 26. a4 Ree7 27.
Re1 Rf5 28. Rxf5 Qxf5 29. Qc4 Ne5 30. Bxe5 Qxe5 31. Qc6 1/2-1/2

[Event "Follosjakken Grand Prix Hurtig #1"]
[Site "Ski, Akershus NOR"]
[Date "2018.03.24"]
[Round "6"]
[White "Abdrlauf, Elham"]
[Black "Nilsen, Tobias Lang"]
[Result "1-0"]
[WhiteElo "2024"]
[BlackElo "1987"]
[PlyCount "79"]
[EventDate "2018.03.24"]

1. d4 Nf6 2. c4 e6 3. Nc3 Bb4 4. e3 d5 5. cxd5 exd5 6. Nf3 O-O 7. Bd3 Bg4 8.
O-O c6 9. a3 Bd6 10. e4 dxe4 11. Nxe4 Nxe4 12. Bxe4 Be6 13. Ng5 h6 14. Nxe6
fxe6 15. Qg4 Qf6 16. Bd2 Nd7 17. Bc3 Qf4 18. Qxe6+ Qf7 19. Qxf7+ Rxf7 20. Rfe1
Nf6 21. Bf5 Re7 22. Rxe7 Bxe7 23. Re1 Re8 24. Bg6 Kf8 25. Bxe8 Kxe8 26. Bb4 Nd5
27. Bxe7 Nxe7 28. f4 Kd7 29. Kf2 Nf5 30. g4 Nxd4 31. Rd1 c5 32. Ke3 Ke6 33.
Rxd4 cxd4+ 34. Kxd4 Kd6 35. f5 b6 36. h4 Kd7 37. Kd5 Ke7 38. g5 h5 39. Kc6 Kf7
40. Kb7 1-0

[Event "Follosjakken Grand Prix Hurtig #1"]
[Site "Ski, Akershus NOR"]
[Date "2018.03.24"]
[Round "6"]
[White "Brobakken, Geir"]
[Black "Tryggestad, Andreas G"]
[Result "0-1"]
[WhiteElo "1750"]
[BlackElo "2168"]
[PlyCount "50"]
[EventDate "2018.03.24"]

1. e4 c5 2. b3 b6 3. Bb2 Bb7 4. Nc3 Nf6 5. d3 e6 6. f4 d5 7. e5 d4 8. exf6 dxc3
9. Bxc3 gxf6 10. Qe2 Bh6 11. Nh3 Nc6 12. Qh5 Bg7 13. Nf2 Nd4 14. O-O-O f5 15.
Bb2 Qf6 16. c3 Nc6 17. h4 O-O-O 18. Qg5 Rhg8 19. Rg1 h6 20. Qxf6 Bxf6 21. h5
Ne7 22. c4 Bxb2+ 23. Kxb2 Rd4 24. g3 Rxf4 25. Ne4 fxe4 0-1

[Event "Follosjakken Grand Prix Hurtig #2"]
[Site "Ski, Akershus NOR"]
[Date "2018.05.19"]
[Round "1"]
[White "Tenold, Andreas"]
[Black "Støre, Trond"]
[Result "0-1"]
[WhiteElo "1687"]
[BlackElo "2070"]
[PlyCount "64"]
[EventDate "2018.05.19"]

1. d4 Nf6 2. c4 g6 3. Nc3 d5 4. cxd5 Nxd5 5. e4 Nxc3 6. bxc3 Bg7 7. Be3 c5 8.
Bb5+ Nc6 9. Qd2 Qa5 10. Bxc6+ bxc6 11. Ne2 Ba6 12. O-O cxd4 13. Bxd4 O-O 14.
Bxg7 Kxg7 15. Rfe1 Rfd8 16. Qe3 Rd3 17. Qf4 Rad8 18. Rac1 e5 19. Qg5 f6 20. Qg4
Qc7 21. f4 Qd7 22. Qh4 Rd2 23. c4 Qe7 24. Qg4 Rxa2 25. Kh1 Rdd2 26. fxe5 Qxe5
27. Nf4 Kf7 28. Qh4 h5 29. Qg3 g5 30. Nxh5 Qxg3 31. Nxg3 Rxg2 32. Ne2 Rgxe2 0-1

[Event "Follosjakken Grand Prix Hurtig #2"]
[Site "Ski, Akershus NOR"]
[Date "2018.05.19"]
[Round "1"]
[White "Gonzales, Francisco Silva"]
[Black "Mella, Aage"]
[Result "1-0"]
[WhiteElo "2074"]
[BlackElo "1606"]
[PlyCount "73"]
[EventDate "2018.05.19"]

1. d4 Nf6 2. c4 e6 3. Nc3 Bb4 4. Qc2 c5 5. dxc5 Bxc5 6. Nf3 Nc6 7. Bg5 h6 8.
Bh4 Nd4 9. Nxd4 Bxd4 10. e3 Be5 11. Be2 Qa5 12. O-O Bxc3 13. bxc3 O-O 14. Rab1
Rd8 15. Rb5 Qc7 16. Bg3 d6 17. c5 e5 18. cxd6 Qxd6 19. Rd1 Qe7 20. Bxe5 Rxd1+
21. Qxd1 Bd7 22. Bxf6 gxf6 23. Rxb7 Rd8 24. Bg4 f5 25. Bf3 Qe8 26. Rb4 Bc6 27.
Rd4 Rxd4 28. cxd4 Ba4 29. Qb1 Qc8 30. g3 Bc2 31. Qc1 Qc4 32. Bd5 Qd3 33. h4 Kg7
34. Bf3 f4 35. d5 fxg3 36. fxg3 Qg6 37. Kf2 1-0